Loading...
| Social Science | 0 | 11 | 0 | 2 | 110 | 74 | 108.45 | 0 | 0 | 0.00 | 0.00 |
| Religion | 0 | 10 | 1 | 1 | 95 | 104 | 123.70 | 0 | 0 | 0.00 | 0.00 |
| History - World | 0 | 8 | 0 | 1 | 80 | 92 | 119.88 | 0 | 1 | 0.00 | 0.00 |
| History - Other | 0 | 7 | 1 | 2 | 65 | 117 | 127.71 | 0 | 0 | 0.00 | 0.00 |
| Current Events | 0 | 6 | 2 | 0 | 50 | 61 | 97.50 | 1 | 1 | 0.00 | 0.00 |
| History - European | 0 | 5 | 1 | 1 | 45 | 34 | 107.80 | 1 | 1 | 0.00 | 0.00 |
| Science - Other | 0 | 5 | 1 | 1 | 45 | 109 | 115.80 | 0 | 0 | 0.00 | 0.00 |
| History - American | 0 | 5 | 2 | 1 | 40 | 67 | 114.40 | 0 | 1 | 0.00 | 0.00 |
| Science - Chemistry | 0 | 4 | 0 | 1 | 40 | 121 | 124.50 | 0 | 1 | 0.00 | 0.00 |
| Science - Physics | 0 | 4 | 0 | 0 | 40 | 121 | 128.00 | 0 | 0 | 0.00 | 0.00 |
| Literature - British | 0 | 4 | 0 | 0 | 40 | 27 | 114.50 | 0 | 1 | 0.00 | 0.00 |
| Science - Biology | 0 | 4 | 1 | 2 | 35 | 93 | 120.25 | 1 | 1 | 0.00 | 0.00 |
| Geography | 0 | 4 | 1 | 0 | 35 | 94 | 116.50 | 0 | 0 | 0.00 | 0.00 |
| Other Academic | 0 | 3 | 0 | 0 | 30 | 106 | 107.00 | 0 | 0 | 0.00 | 0.00 |
| Philosophy | 0 | 4 | 2 | 2 | 30 | 121 | 131.00 | 0 | 0 | 0.00 | 0.00 |
| Literature - European | 0 | 2 | 0 | 0 | 20 | 98 | 124.00 | 0 | 0 | 0.00 | 0.00 |
| Mythology | 0 | 2 | 1 | 0 | 15 | 48 | 59.00 | 2 | 2 | 0.00 | 0.00 |
| Fine Arts - Other | 0 | 1 | 0 | 0 | 10 | 120 | 120.00 | 0 | 0 | 0.00 | 0.00 |
| Literature - American | 0 | 1 | 0 | 0 | 10 | 129 | 129.00 | 0 | 0 | 0.00 | 0.00 |
| Fine Arts - Painting & Sculpture | 0 | 1 | 0 | 0 | 10 | 89 | 89.00 | 0 | 0 | 0.00 | 0.00 |
| Fine Arts - Classical Music | 0 | 1 | 0 | 0 | 10 | 132 | 132.00 | 0 | 0 | 0.00 | 0.00 |
| Literature - World | 0 | 1 | 1 | 0 | 5 | 103 | 103.00 | 0 | 0 | 0.00 | 0.00 |